Words Ending in 'MN' Quiz Stats

 Plays Quiz Updated Sep 21, 2014

Also try: 'A' Antonyms
Challenge
Share
Tweet
Embed
Score 0/6 Timer 03:00
1 Play Today
Letters Word % Correct
6AUTUMN
96.9%
6COLUMN
92.3%
4HYMN
90%
7CONDEMN
63.3%
6SOLEMN
56.4%
4DAMN
49.3%

You're not logged in!

Compare scores with friends on all Sporcle quizzes.
Join for Free
OR
Log In

You Might Also Like...

Show Comments

Extras

Top Quizzes Today


Score Distribution

Your Account Isn't Verified!

In order to create a playlist on Sporcle, you need to verify the email address you used during registration. Go to your Sporcle Settings to finish the process.

Report this User

Report this user for behavior that violates our Community Guidelines.

Details: